| 000 | 00607nam a2200229Ia 4500 | ||
|---|---|---|---|
| 003 | OSt | ||
| 005 | 20221005123609.0 | ||
| 006 | a|||||r|||| 00| 0 | ||
| 007 | ta | ||
| 008 | 221004b |||||||| |||| 00| 0 eng d | ||
| 024 | _a57997 | ||
| 037 | _cTextual | ||
| 040 |
_aCRL _cCRL _beng |
||
| 041 |
_2eng _aeng |
||
| 082 | _aV2:21wL74, L4-;1 | ||
| 100 | _aRosselli John | ||
| 245 | 0 |
_aLord William Bentinck _b The making of a liberal imperialist 1774-1839. |
|
| 260 | _c1974 | ||
| 650 | _aHISTORY | ||
| 942 |
_hV2:21wL74, L4-;1 _cTEXL _2cc |
||
| 999 |
_c1047876 _d1047876 |
||